[Event "Mittelrhein Regionalliga 18/19"]
[Site "Nordrheinwestfalen"]
[Date "2019.04.07"]
[Round "9.8"]
[White "Hack, Thomas1111"]
[Black "Weisshaupt, Rainer"]
[Result "1/2-1/2"]
[WhiteElo "1942"]
[BlackElo "1957"]
[PlyCount "94"]
[EventDate "2018.10.28"]
[EventType "team-tourn"]
[EventRounds "11"]
[EventCountry "GER"]
[SourceTitle "EXT 2022"]
[Source "ChessBase"]
[SourceDate "2021.10.06"]
[SourceVersion "1"]
[SourceVersionDate "2021.10.06"]
[SourceQuality "1"]
[WhiteTeam "Euskirchen Turm"]
[BlackTeam "Langenfeld"]
[WhiteTeamCountry "GER"]
[BlackTeamCountry "GER"]

1. e4 e5 2. Nf3 Nc6 3. Bb5 Bc5 4. 0-0 Nf6 5. Bxc6 dxc6 6. Nxe5 Nxe4 7. c3 0-0 8. d4 Be7 9. Nd2 Nxd2 10. Bxd2 Be6 11. Be3 Bf6 12. Qf3 Qd5 13. Qg3 c5 14. Ng4 Bxg4 15. Qxg4 cxd4 16. Rfd1 d3 17. Bd4 Bxd4 18. Qxd4 Rfd8 19. Rxd3 Qxd4 20. cxd4 c6 21. Kf1 Rd7 22. Rad1 Rad8 23. Ke2 f6 24. Ke3 Re8+ 25. Kd2 Rde7 26. Kc3 Re2 27. R1d2 Kf7 28. d5 cxd5 29. Rxd5 Rc8+ 30. Kb3 Rxd2 31. Rxd2 Ke6 32. Rc2 Rxc2 33. Kxc2 Ke5 34. Kc3 h5 35. Kc4 g5 36. Kd3 Kf4 37. Kd4 f5 38. Kd5 h4 39. h3 g4 40. Ke6 Ke4 41. Kf6 f4 42. hxg4 f3 43. gxf3+ Kxf3 44. g5 h3 45. g6 h2 46. g7 h1Q 47. g8Q Kxf2 1/2-1/2

[Event "Mittelrhein Regionalliga 18/19"]
[Site "Nordrheinwestfalen"]
[Date "2019.02.10"]
[Round "7.8"]
[White "Krueschner, Ralf"]
[Black "Weisshaupt, Rainer"]
[Result "1/2-1/2"]
[WhiteElo "1891"]
[BlackElo "1957"]
[PlyCount "43"]
[EventDate "2018.10.28"]
[EventType "team-tourn"]
[EventRounds "11"]
[EventCountry "GER"]
[SourceTitle "EXT 2022"]
[Source "ChessBase"]
[SourceDate "2021.10.06"]
[SourceVersion "1"]
[SourceVersionDate "2021.10.06"]
[SourceQuality "1"]
[WhiteTeam "Bonn Stadtverwaltung"]
[BlackTeam "Langenfeld"]
[WhiteTeamCountry "GER"]
[BlackTeamCountry "GER"]

1. e4 e5 2. Bc4 Nf6 3. d3 Nc6 4. Nf3 Bc5 5. c3 d6 6. Bb3 Bg4 7. h3 Bh5 8. Nbd2 0-0 9. Nf1 d5 10. Ng3 Bg6 11. exd5 Nxd5 12. 0-0 Kh8 13. Ne4 Be7 14. Re1 Nf6 15. Bg5 Nxe4 16. Bxe7 Nxf2 17. Bxd8 Nxd1 18. Raxd1 Raxd8 19. Nxe5 Nxe5 20. Rxe5 Rd7 21. d4 f6 22. Re3 1/2-1/2

[Event "Mittelrhein Regionalliga 1718"]
[Site "Nordrheinwestfalen"]
[Date "2017.11.12"]
[Round "3.7"]
[White "Koegler, Christof"]
[Black "Weisshaupt, Rainer"]
[Result "1/2-1/2"]
[WhiteElo "1984"]
[BlackElo "1988"]
[PlyCount "97"]
[EventDate "2017.09.10"]
[EventType "team-tourn"]
[EventRounds "9"]
[EventCountry "GER"]
[SourceTitle "EXT 2022"]
[Source "ChessBase"]
[SourceDate "2021.10.06"]
[SourceVersion "1"]
[SourceVersionDate "2021.10.06"]
[SourceQuality "1"]
[WhiteTeam "Godesberg II"]
[BlackTeam "Langenfeld"]
[WhiteTeamCountry "GER"]
[BlackTeamCountry "GER"]

1. d4 Nf6 2. Nf3 d5 3. e3 c6 4. b3 Bf5 5. Bd3 Bxd3 6. Qxd3 g6 7. Nbd2 Nbd7 8. c4 Bg7 9. 0-0 0-0 10. Bb2 Re8 11. cxd5 cxd5 12. Qb5 Qb6 13. Qxb6 Nxb6 14. Rac1 Rac8 15. Ba3 Bf8 16. Ne5 Ne4 17. Nxe4 dxe4 18. Bc5 Nd5 19. a4 f6 20. Nc4 b6 21. Ba3 Rc7 22. g4 Rec8 23. Kg2 f5 24. gxf5 gxf5 25. Kh3 a6 26. Rg1+ Bg7 27. Rg5 b5 28. Rcg1 bxc4 29. Rxg7+ Kh8 30. bxc4 Rxc4 31. Rf7 R4c6 32. Bxe7 Rg6 33. Rxg6 hxg6 34. Bc5 Kg8 35. Rd7 Nf6 36. Rd6 Kf7 37. Rxa6 Rh8+ 38. Kg2 f4 39. exf4 Nd5 40. Kg3 Rb8 41. a5 Rb3+ 42. Kg4 Rf3 43. Rd6 Rxf4+ 44. Kg3 Rf3+ 45. Kg2 Nf4+ 46. Kg1 Nh3+ 47. Kg2 Nf4+ 48. Kg1 Nh3+ 49. Kg2 1/2-1/2

[Event "Mittelrhein Regionalliga 1718"]
[Site "Nordrheinwestfalen"]
[Date "2017.09.10"]
[Round "1.6"]
[White "Weisshaupt, Rainer"]
[Black "Jablonowski, Christoph"]
[Result "1/2-1/2"]
[WhiteElo "1988"]
[BlackElo "1923"]
[PlyCount "74"]
[EventDate "2017.09.10"]
[EventType "team-tourn"]
[EventRounds "9"]
[EventCountry "GER"]
[SourceTitle "EXT 2022"]
[Source "ChessBase"]
[SourceDate "2021.10.06"]
[SourceVersion "1"]
[SourceVersionDate "2021.10.06"]
[SourceQuality "1"]
[WhiteTeam "Langenfeld"]
[BlackTeam "Aachen SV II"]
[WhiteTeamCountry "GER"]
[BlackTeamCountry "GER"]

1. e4 c5 2. Nf3 d6 3. Na3 Nf6 4. Bb5+ Bd7 5. e5 dxe5 6. Nxe5 Bxb5 7. Nxb5 a6 8. Nc3 Qd4 9. Qe2 Nbd7 10. Nxd7 Qxd7 11. 0-0 e6 12. d3 Qc7 13. Bg5 Bd6 14. h3 Be7 15. Rfe1 0-0-0 16. Qf3 h5 17. Bf4 Bd6 18. Bxd6 Rxd6 19. Ne4 Rd5 20. Qg3 Qxg3 21. Nxg3 h4 22. Ne4 Nxe4 23. Rxe4 Kd7 24. Rae1 b5 25. a4 b4 26. b3 Rh6 27. Kf1 Kd6 28. R4e3 Rg5 29. R1e2 Rhg6 30. f3 f5 31. f4 Rg3 32. Re5 Rf6 33. d4 cxd4 34. Ra5 d3 35. Rd2 Kc7 36. cxd3 Kb6 37. Re5 g5 1/2-1/2

[Event "Mittelrhein Regionalliga 15/16"]
[Site "Nordrheinwestfalen"]
[Date "2016.02.21"]
[Round "7.7"]
[White "Weisshaupt, Rainer"]
[Black "Wolff, Michael"]
[Result "1-0"]
[WhiteElo "2002"]
[BlackElo "1954"]
[PlyCount "63"]
[EventDate "2015.09.27"]
[EventType "team-tourn"]
[EventRounds "9"]
[EventCountry "GER"]
[SourceTitle "EXT 2022"]
[Source "ChessBase"]
[SourceDate "2021.10.06"]
[SourceVersion "1"]
[SourceVersionDate "2021.10.06"]
[SourceQuality "1"]
[WhiteTeam "Langenfeld"]
[BlackTeam "Koeln Ford SF"]
[WhiteTeamCountry "GER"]
[BlackTeamCountry "GER"]

1. d4 Nf6 2. c4 c5 3. d5 b5 4. a4 b4 5. g3 d6 6. Nd2 g6 7. Bg2 Nbd7 8. Ngf3 Rb8 9. b3 Bg7 10. Bb2 Nh5 11. Qc2 Rg8 12. Rd1 Nb6 13. Bxg7 Nxg7 14. Nh4 Kd7 15. 0-0 Kc7 16. f4 a5 17. e4 Qd7 18. Ndf3 f6 19. e5 Bb7 20. Nd2 Rbf8 21. Ne4 Nf5 22. Nxf5 Qxf5 23. Qf2 fxe5 24. Nxc5 Bc8 25. Ne4 exf4 26. c5 Nxd5 27. Nxd6 exd6 28. cxd6+ Kxd6 29. Bxd5 Qxd5 30. Qb6+ Ke5 31. Rfe1+ Qe4 32. Qd4+ 1-0

[Event "Mittelrhein Regionalliga 15/16"]
[Site "Nordrheinwestfalen"]
[Date "2016.01.10"]
[Round "5.8"]
[White "Graf, Peter"]
[Black "Weisshaupt, Rainer"]
[Result "0-1"]
[WhiteElo "1905"]
[BlackElo "2002"]
[PlyCount "60"]
[EventDate "2015.09.27"]
[EventType "team-tourn"]
[EventRounds "9"]
[EventCountry "GER"]
[SourceTitle "EXT 2022"]
[Source "ChessBase"]
[SourceDate "2021.10.06"]
[SourceVersion "1"]
[SourceVersionDate "2021.10.06"]
[SourceQuality "1"]
[WhiteTeam "Koeln SF II"]
[BlackTeam "Langenfeld"]
[WhiteTeamCountry "GER"]
[BlackTeamCountry "GER"]

1. e4 e5 2. Nf3 Nc6 3. Nc3 Nf6 4. g3 Bc5 5. Bg2 d6 6. 0-0 0-0 7. d3 Be6 8. Na4 Bb6 9. c3 Qd7 10. Re1 Bg4 11. Qc2 h6 12. Nxb6 axb6 13. Be3 d5 14. a3 Rad8 15. Rad1 Rfe8 16. Bc1 Qe6 17. exd5 Nxd5 18. Rd2 Qf6 19. Nh4 g5 20. Bxd5 gxh4 21. Be4 h3 22. Re3 Nd4 23. cxd4 exd4 24. f3 dxe3 25. Re2 Rxe4 26. fxg4 Re6 27. Rxe3 Rxe3 28. Bxe3 Qf3 29. Qf2 Qd1+ 30. Qf1 Rxd3 0-1

[Event "EU-chT Seniors"]
[Site "Sibenik"]
[Date "2014.04.07"]
[Round "7.11"]
[White "Van Kemenade, Rudy"]
[Black "Weisshaupt, Rainer"]
[Result "0-1"]
[WhiteElo "2001"]
[BlackElo "2154"]
[PlyCount "62"]
[EventDate "2014.04.01"]
[EventType "team-swiss"]
[EventRounds "9"]
[EventCountry "CRO"]
[SourceTitle "CBM 159 Extra"]
[Source "ChessBase"]
[SourceDate "2014.04.24"]
[SourceVersion "1"]
[SourceVersionDate "2014.04.24"]
[SourceQuality "1"]
[WhiteTeam "Wales Dragons Seniors"]
[BlackTeam "Germany Rheinland Seniors"]
[WhiteTeamCountry "WLS"]
[BlackTeamCountry "GER"]

1. d4 Nf6 2. Nf3 d6 3. c4 Bg4 4. Nbd2 Nbd7 5. h3 Bh5 6. e4 e5 7. d5 Be7 8. Qc2 c6 9. dxc6 bxc6 10. Nh4 Bg6 11. Nxg6 hxg6 12. g3 Nc5 13. Bg2 Rc8 14. 0-0 Qd7 15. b4 Ne6 16. Bb2 c5 17. b5 g5 18. Qd1 g6 19. f3 Nh5 20. Kf2 Bf6 21. Rh1 Nd4 22. Nf1 Bd8 23. Ne3 f5 24. g4 Ng7 25. Nd5 0-0 26. Kg3 Nge6 27. Rf1 Nf4 28. Bxd4 cxd4 29. Rc1 Bb6 30. Rf2 Qh7 31. Bf1 Qh4+ 0-1

[Event "EU-chT Seniors"]
[Site "Sibenik"]
[Date "2014.04.06"]
[Round "6.9"]
[White "Weisshaupt, Rainer"]
[Black "Singer, Hans"]
[Result "0-1"]
[WhiteElo "2154"]
[BlackElo "2166"]
[PlyCount "108"]
[EventDate "2014.04.01"]
[EventType "team-swiss"]
[EventRounds "9"]
[EventCountry "CRO"]
[SourceTitle "CBM 159 Extra"]
[Source "ChessBase"]
[SourceDate "2014.04.24"]
[SourceVersion "1"]
[SourceVersionDate "2014.04.24"]
[SourceQuality "1"]
[WhiteTeam "Germany Rheinland Seniors"]
[BlackTeam "Austria Wien Seniors"]
[WhiteTeamCountry "GER"]
[BlackTeamCountry "AUT"]

1. Nc3 c5 2. Nf3 Nc6 3. d4 cxd4 4. Nxd4 d6 5. g3 Bd7 6. Bg2 g6 7. 0-0 Bg7 8. Nb3 Nf6 9. e4 0-0 10. h3 Ne5 11. Nd2 Rc8 12. Kh2 b5 13. Nf3 Nc4 14. Nd4 b4 15. Nd5 e6 16. Nxb4 a5 17. Nd3 Nxe4 18. Nxe6 Nxf2 19. Nxd8 Nxd1 20. Rxd1 Rfxd8 21. c3 Re8 22. Bf3 Rb8 23. g4 Ne3 24. Bxe3 Rxe3 25. Bd5 h5 26. Rd2 hxg4 27. hxg4 Bxg4 28. Re1 Rbe8 29. Rxe3 Rxe3 30. Kg2 Bf5 31. Nf2 Be5 32. Bf3 g5 33. Nd1 Rd3 34. Rxd3 Bxd3 35. a4 Bc2 36. Ne3 Bd3 37. Nd1 Bc2 38. Ne3 Bxa4 39. Nc4 f5 40. Nxa5 g4 41. Bd5+ Kf8 42. b3 Bd7 43. c4 Ke7 44. Nc6+ Bxc6 45. Bxc6 Bc3 46. Bb7 Kf6 47. Kf2 Kg5 48. Ke3 Bb4 49. Kf2 Bc5+ 50. Kg2 f4 51. Bc8 Bb4 52. Bd7 f3+ 53. Kg3 Be1+ 54. Kh2 Kf4 0-1

[Event "EU-chT Seniors"]
[Site "Sibenik"]
[Date "2014.04.04"]
[Round "4.8"]
[White "Weisshaupt, Rainer"]
[Black "Dogantug, Ahmet Ismail"]
[Result "1/2-1/2"]
[WhiteElo "2154"]
[BlackElo "2149"]
[PlyCount "40"]
[EventDate "2014.04.01"]
[EventType "team-swiss"]
[EventRounds "9"]
[EventCountry "CRO"]
[SourceTitle "CBM 159 Extra"]
[Source "ChessBase"]
[SourceDate "2014.04.24"]
[SourceVersion "1"]
[SourceVersionDate "2014.04.24"]
[SourceQuality "1"]
[WhiteTeam "Germany Rheinland Seniors"]
[BlackTeam "Turkey Seniors"]
[WhiteTeamCountry "GER"]
[BlackTeamCountry "TUR"]

1. d4 Nf6 2. c4 g6 3. Nc3 Bg7 4. e4 d6 5. f4 0-0 6. Nf3 c5 7. d5 e6 8. Be2 exd5 9. e5 dxe5 10. fxe5 Ng4 11. Bg5 f6 12. exf6 Nxf6 13. cxd5 h6 14. Bh4 Nbd7 15. 0-0 g5 16. Bg3 Nh5 17. Bd6 Rf6 18. Ne4 g4 19. Nfd2 Rxf1+ 20. Qxf1 Ndf6 1/2-1/2

[Event "EU-chT Seniors"]
[Site "Sibenik"]
[Date "2014.04.02"]
[Round "2.11"]
[White "Weisshaupt, Rainer"]
[Black "Wood, Peter R"]
[Result "1/2-1/2"]
[WhiteElo "2154"]
[BlackElo "1951"]
[PlyCount "47"]
[EventDate "2014.04.01"]
[EventType "team-swiss"]
[EventRounds "9"]
[EventCountry "CRO"]
[SourceTitle "CBM 159 Extra"]
[Source "ChessBase"]
[SourceDate "2014.04.24"]
[SourceVersion "1"]
[SourceVersionDate "2014.04.24"]
[SourceQuality "1"]
[WhiteTeam "Germany Rheinland Seniors"]
[BlackTeam "England Seniors II"]
[WhiteTeamCountry "GER"]
[BlackTeamCountry "ENG"]

1. d4 e6 2. c4 f5 3. Nf3 Nf6 4. Nc3 Be7 5. g3 d6 6. Bg2 0-0 7. 0-0 Ne4 8. Qc2 Nxc3 9. bxc3 Nc6 10. d5 Na5 11. Nd2 e5 12. Qa4 b6 13. c5 Nb7 14. c6 Nc5 15. Qc2 a5 16. Ba3 Ba6 17. Bxc5 dxc5 18. c4 Bd6 19. Rae1 Qe7 20. e3 Rae8 21. f3 Bc8 22. Qc3 Qf6 23. f4 e4 24. Qxf6 1/2-1/2

[Event "Mittelrhein Regionalliga 1314"]
[Site "Mittelrhein"]
[Date "2014.03.09"]
[Round "8.7"]
[White "Weisshaupt, Rainer"]
[Black "Gramb, Marius"]
[Result "1-0"]
[WhiteElo "1974"]
[BlackElo "1870"]
[PlyCount "55"]
[EventDate "2013.09.15"]
[EventType "team-tourn"]
[EventRounds "11"]
[EventCountry "GER"]
[SourceTitle "EXT 2023"]
[Source "ChessBase"]
[SourceDate "2022.10.05"]
[SourceVersion "1"]
[SourceVersionDate "2022.10.05"]
[SourceQuality "1"]
[WhiteTeam "Langenfeld II"]
[BlackTeam "Bruehl"]
[WhiteTeamCountry "GER"]
[BlackTeamCountry "GER"]

1. d4 Nf6 2. c4 e5 3. dxe5 Ng4 4. e6 Bb4+ 5. Nc3 Qf6 6. exf7+ Qxf7 7. Nf3 Qxc4 8. Bd2 0-0 9. e3 Qf7 10. Be2 Nc6 11. 0-0 Nge5 12. Qc2 d6 13. Nxe5 Nxe5 14. Nb5 Bf5 15. Qd1 Bxd2 16. Qxd2 a6 17. Nd4 Be4 18. f3 Bd5 19. e4 Bc6 20. b3 Kh8 21. Rac1 Qf4 22. Qxf4 Rxf4 23. g3 Rf7 24. f4 Nd7 25. Nxc6 bxc6 26. Rxc6 Nb6 27. Rfc1 Ra7 28. Rxb6 1-0

[Event "Regionalliga Mittelrhein 1213"]
[Site "Germany"]
[Date "2012.12.02"]
[Round "5.8"]
[White "Weisshaupt, Rainer"]
[Black "Ax, Paul"]
[Result "1/2-1/2"]
[WhiteElo "1966"]
[BlackElo "1795"]
[PlyCount "26"]
[EventDate "2012.09.09"]
[EventType "team"]
[EventRounds "11"]
[EventCountry "GER"]
[SourceTitle "EXT 2015"]
[Source "ChessBase"]
[SourceDate "2014.11.20"]
[SourceVersion "1"]
[SourceVersionDate "2014.11.20"]
[SourceQuality "1"]
[WhiteTeam "Langenfeld II"]
[BlackTeam "Koeln Ford SF"]
[WhiteTeamCountry "GER"]
[BlackTeamCountry "GER"]

1. d4 d5 2. c4 e6 3. Nf3 Nf6 4. Nc3 c6 5. Bg5 Be7 6. e3 Nbd7 7. Qc2 0-0 8. Rd1 h6 9. Bh4 Re8 10. a3 a5 11. cxd5 exd5 12. Be2 b6 13. 0-0 Bb7 1/2-1/2

[Event "NRW Class2 0607"]
[Site "Germany"]
[Date "2007.03.18"]
[Round "7.8"]
[White "Nautsch, Werner"]
[Black "Weisshaupt, Rainer"]
[Result "1/2-1/2"]
[WhiteElo "2267"]
[BlackElo "2153"]
[PlyCount "148"]
[EventDate "2006.09.17"]
[EventType "team-tourn"]
[EventRounds "9"]
[EventCountry "GER"]
[SourceTitle "EXT 2008"]
[Source "ChessBase"]
[SourceDate "2007.11.25"]
[SourceVersion "1"]
[SourceVersionDate "2007.11.25"]
[SourceQuality "1"]
[WhiteTeam "Katernberg II"]
[BlackTeam "Monheim"]
[WhiteTeamCountry "GER"]
[BlackTeamCountry "GER"]

1. d4 Nf6 2. c4 e5 3. d5 Bb4+ 4. Bd2 Bxd2+ 5. Qxd2 0-0 6. Nc3 d6 7. e4 Nbd7 8. Nge2 Nc5 9. f3 a5 10. g4 Ne8 11. Ng3 Qh4 12. 0-0-0 g6 13. Bd3 Bd7 14. Bc2 Ng7 15. Rdg1 a4 16. Nd1 b5 17. Ne3 Rfb8 18. cxb5 Bxb5 19. Rg2 Rb6 20. Rhg1 Rab8 21. Ngf5 Nxf5 22. gxf5 Ba6 23. Nd1 Qf4 24. Rg4 Qxd2+ 25. Kxd2 Rf8 26. h4 Kh8 27. fxg6 fxg6 28. Ke3 Bb5 29. Rg5 Be8 30. R5g3 Rb8 31. Bd3 Nd7 32. R3g2 Nc5 33. Bf1 Rb4 34. Rc2 Rf4 35. Rh1 Kg7 36. Nf2 Bb5 37. Bxb5 Rxb5 38. h5 Rb8 39. h6+ Kg8 40. Ng4 Rbf8 41. Nxe5 dxe5 42. Rxc5 Rxf3+ 43. Kd2 a3 44. Rxc7 Rf2+ 45. Kc1 Rxb2 46. Rc2 Rb4 47. Re1 Rfb8 48. Re3 Rb1+ 49. Kd2 Rh1 50. d6 Rd8 51. Rc6 Rxh6 52. Rxa3 g5 53. Rd3 Rh2+ 54. Kc3 Rxa2 55. Rd5 Ra3+ 56. Kb4 Re3 57. Rxe5 Kf7 58. Kc4 Re1 59. Rxg5 Rxe4+ 60. Kd5 Re1 61. Re5 Rd1+ 62. Kc5 Kf6 63. Rd5 Rxd5+ 64. Kxd5 h5 65. Rc1 Kf5 66. Rf1+ Kg4 67. Rg1+ Kf4 68. Ke6 h4 69. Ke7 Rh8 70. d7 h3 71. Rh1 Kg3 72. d8Q Rxd8 73. Kxd8 Kg2 74. Rxh3 Kxh3 1/2-1/2

[Event "Oberliga NRW 0102 I"]
[Site "Germany"]
[Date "2001.12.09"]
[Round "4.8"]
[White "Terhorst, Jochen"]
[Black "Weisshaupt, Rainer"]
[Result "1/2-1/2"]
[WhiteElo "2185"]
[BlackElo "2181"]
[PlyCount "86"]
[EventDate "2001.10.??"]
[EventType "team"]
[EventRounds "9"]
[EventCountry "GER"]
[SourceTitle "EXT 2004"]
[Source "ChessBase"]
[SourceDate "2003.11.25"]
[SourceVersion "1"]
[SourceVersionDate "2003.11.25"]
[SourceQuality "1"]
[WhiteTeam "Koeln KKS"]
[BlackTeam "Monheim"]
[WhiteTeamCountry "GER"]
[BlackTeamCountry "GER"]

1. d4 Nf6 2. c4 e6 3. Nf3 Bb4+ 4. Bd2 a5 5. a3 Bxd2+ 6. Nbxd2 d5 7. e3 0-0 8. Rc1 Nbd7 9. Qc2 c6 10. Bd3 h6 11. 0-0 Qe7 12. Rfe1 Rd8 13. cxd5 exd5 14. e4 dxe4 15. Nxe4 Nxe4 16. Bxe4 Qf6 17. d5 cxd5 18. Bxd5 Nf8 19. Be4 Ne6 20. Qc3 Qxc3 21. Rxc3 Rb8 22. Ne5 Bd7 23. h4 Be8 24. Nc4 a4 25. Nb6 Rd4 26. g3 Rd2 27. Nc4 Rdd8 28. Nb6 Kf8 29. Bc2 Rd4 30. Re4 Rbd8 31. Rc4 Rd2 32. Bxa4 Rxb2 33. Bxe8 Rxb6 34. Ba4 Ra6 35. Rc3 Rda8 36. Bd7 Rxa3 37. Rxa3 Rxa3 38. Bxe6 fxe6 39. Rxe6 Ra6 40. Re5 Kf7 41. Rb5 b6 42. Kg2 Ke6 43. g4 Kd6 1/2-1/2

[Event "Bad Breisig op"]
[Site "Bad Breisig"]
[Date "2001.??.??"]
[Round "9"]
[White "Weisshaupt, Rainer"]
[Black "Boidman, Yuri"]
[Result "0-1"]
[WhiteElo "2181"]
[BlackElo "2432"]
[PlyCount "60"]
[EventDate "2001.10.??"]
[EventType "swiss"]
[EventRounds "9"]
[EventCountry "GER"]
[SourceTitle "CBM 085 Extra"]
[Source "ChessBase"]
[SourceDate "2002.01.21"]
[SourceVersion "1"]
[SourceVersionDate "2002.01.21"]
[SourceQuality "1"]

1. Nc3 c5 2. Nf3 Nc6 3. d4 cxd4 4. Nxd4 g6 5. g3 Bg7 6. Nb3 Nf6 7. Bg2 0-0 8. 0-0 d6 9. h3 a5 10. Be3 a4 11. Nd4 Nxd4 12. Bxd4 e5 13. Be3 Be6 14. g4 a3 15. b3 Rc8 16. Nb5 d5 17. c4 dxc4 18. Nxa3 cxb3 19. axb3 Nd5 20. Bd2 e4 21. Bxe4 Bxa1 22. Qxa1 Qf6 23. Qxf6 Nxf6 24. Bxb7 Rb8 25. Bf3 Rxb3 26. Nb1 Bd5 27. Bh6 Bxf3 28. Nd2 Bxe2 29. Re1 Rxh3 30. Bxf8 Bxg4 0-1

[Event "Bad Breisig op"]
[Site "Bad Breisig"]
[Date "2001.??.??"]
[Round "3"]
[White "Weisshaupt, Rainer"]
[Black "Meyer, Lars A"]
[Result "1-0"]
[WhiteElo "2181"]
[BlackElo "2260"]
[PlyCount "99"]
[EventDate "2001.10.??"]
[EventType "swiss"]
[EventRounds "9"]
[EventCountry "GER"]
[SourceTitle "CBM 085 Extra"]
[Source "ChessBase"]
[SourceDate "2002.01.21"]
[SourceVersion "1"]
[SourceVersionDate "2002.01.21"]
[SourceQuality "1"]

1. Nc3 d5 2. e4 e6 3. f4 c5 4. Nf3 d4 5. Ne2 Nf6 6. Ng3 Qc7 7. Bb5+ Bd7 8. Bxd7+ Nbxd7 9. d3 h5 10. 0-0 Ng4 11. Qe2 Ndf6 12. h3 Nh6 13. Ng5 g6 14. c4 dxc3 15. bxc3 0-0-0 16. c4 Qd7 17. Bb2 Bg7 18. Rad1 h4 19. Nh1 Nh5 20. Bxg7 Nxg7 21. Nf3 Ng8 22. Qf2 Qe7 23. Rd2 f6 24. Nxh4 Rh6 25. Nf3 Qd6 26. Qe3 Nh5 27. e5 fxe5 28. fxe5 Qe7 29. Ng5 Ng7 30. g4 Rd7 31. Rdf2 Nf5 32. gxf5 gxf5 33. Rg2 Rd4 34. Rf4 Qd8 35. Rxd4 cxd4 36. Qf4 Qb6 37. Kh2 Ne7 38. Nf3 Rh8 39. Rg7 Nc6 40. Qg5 Qb2+ 41. Qg2 Qc3 42. Nf2 Nb4 43. Nxd4 Nd5 44. cxd5 Qxd4 45. Rg8+ Rxg8 46. Qxg8+ Kc7 47. d6+ Kc6 48. Qc8+ Kb6 49. Qc7+ Ka6 50. Qc4+ 1-0

[Event "Gelsenkirchen op"]
[Site "Gelsenkirchen"]
[Date "2000.??.??"]
[Round "6"]
[White "Weisshaupt, Rainer"]
[Black "Schroeder, Wilfried"]
[Result "1/2-1/2"]
[WhiteElo "2174"]
[BlackElo "2227"]
[PlyCount "67"]
[EventDate "2000.??.??"]
[EventType "swiss"]
[EventRounds "10"]
[EventCountry "GER"]
[SourceTitle "EXT 2001"]
[Source "ChessBase"]
[SourceDate "2000.11.22"]
[SourceVersion "1"]
[SourceVersionDate "2000.11.22"]
[SourceQuality "1"]

1. d4 d5 2. c4 e6 3. Nc3 c6 4. Nf3 dxc4 5. a4 Bb4 6. e3 b5 7. Bd2 a5 8. axb5 Bxc3 9. Bxc3 cxb5 10. b3 Bb7 11. bxc4 b4 12. Bb2 Nf6 13. Bd3 Nbd7 14. 0-0 0-0 15. Re1 Ne4 16. Qc2 f5 17. Re2 Qc7 18. d5 exd5 19. Nd4 Ndc5 20. cxd5 Bxd5 21. Bc4 Bxc4 22. Qxc4+ Qf7 23. Qxf7+ Rxf7 24. f3 Ng5 25. Nc6 Nb3 26. Ra4 Rb7 27. Bd4 Ne6 28. Rb2 Nec5 29. Bxc5 Nxc5 30. Rxa5 Rxa5 31. Nxa5 Ra7 32. Nb3 Nxb3 33. Rxb3 Ra3 34. Rxb4 1/2-1/2